000 01842nam0a2200397 4500
001 RU\NLR\bibl\328518
005 20260409063457.0
010 _a5-88914-191-0
_96000
021 _aRU
_b2002-36559
_91782
035 _a(NLR Aleph) 000323497
090 _a112023
_c112023
100 _a20021016d2002 |||y0rusy50 ca
101 0 _arus
102 _aRU
105 _ay |||||||||
200 1 _aЖилищный кодекс РСФСР с постатейными материалами
_f[Сост. Крашенинников П. В. и др.
_gВступ. ст. Крашенинникова П. В.]
205 _a2-е изд., перераб. и доп.
210 _aМ.
_cСпарк
_d2002
215 _a1119 с.
_d22
320 _aАлф.-предм., хронол. указ.: с. 1067-1089
604 _171001$aРоссийская Федерация
_150011$aЖилищный кодекс$2nlr_sh2$3RU\NLR\AUTH\661259622
_aРоссийская Федерация
_tЖилищный кодекс
_92083558
_3RU\NLR\AUTH\661259622
606 0 _aЖилищный кодекс
_yРоссийская Федерация
_92070963
_3RU\NLR\auth\661245705
610 0 _aЖилищный кодекс РСФСР
610 0 _aРоссийская Федерация, право
675 _a347.254(470)(094.4)
_v3
_zrus
686 _a67.404.2
_2rubbk
686 _aХ623.211.33-324.9(2Р)
702 1 _4220
_8rus
_7ca
_aКрашенинников
_bП. В.
_f1964-
_gПавел Владимирович
_3RU\NLR\auth\77659
_9110701
740 1 _aРоссийская Федерация
_tЗаконы
_iЖилищный кодекс
_3RU\NLR\AUTH\880379479
_9425342
801 0 _aRU
_bRKP
_c20021016
_gPSBO
801 1 _aRU
_bRKP
_c20021016
801 2 _aRU
_bNLR
_c20041116
_grcr
942 _cBOOK
980 _aNB